<?xml version="1.0" encoding="UTF-8"?>
<collection xmlns="http://www.loc.gov/MARC21/slim">
 <record>
  <leader>00832cam a2200193 7i4500</leader>
  <controlfield tag="001">0000078996</controlfield>
  <controlfield tag="005">20091104090000.0</controlfield>
  <datafield tag="020" ind1="#" ind2="0">
   <subfield code="a">9834294948 </subfield>
  </datafield>
  <datafield tag="090" ind1="0" ind2="0">
   <subfield code="a">QH 541.5 .S3 </subfield>
   <subfield code="b">E4 2006</subfield>
  </datafield>
  <datafield tag="245" ind1="0" ind2="0">
   <subfield code="a">Ekosistem Marin Malaysia : </subfield>
   <subfield code="b">peluang &amp; penyelidikan  </subfield>
   <subfield code="c">penyunting Hj. Ab. Jamal Mydin, Che Abd. Rahim Mohamed, Mazlan Abd. Ghaffar..[et al.].</subfield>
  </datafield>
  <datafield tag="246" ind1="0" ind2="0">
   <subfield code="a">Malaysia Marine ecosystem: </subfield>
   <subfield code="b">opportunities &amp; recent researches.</subfield>
  </datafield>
  <datafield tag="260" ind1="#" ind2="#">
   <subfield code="a">Malaysia: </subfield>
   <subfield code="b">Marine Park Section, Ministry of Resources and Environment (NRE), </subfield>
   <subfield code="c">2006.</subfield>
  </datafield>
  <datafield tag="490" ind1="0" ind2="0">
   <subfield code="a">Siri penyelidikan &amp; maklumat perairan Malaysia</subfield>
  </datafield>
  <datafield tag="490" ind1="0" ind2="0">
   <subfield code="a">Research &amp; information series of Malaysian coasts</subfield>
  </datafield>
  <datafield tag="650" ind1="0" ind2="0">
   <subfield code="a">Marine ecosystem management </subfield>
  </datafield>
  <datafield tag="650" ind1="0" ind2="0">
   <subfield code="a">Marine ecosystem </subfield>
  </datafield>
  <datafield tag="700" ind1="0" ind2="1">
   <subfield code="a">Che Abd. Rahim Mohamed </subfield>
  </datafield>
  <datafield tag="700" ind1="0" ind2="1">
   <subfield code="a">Hj. Ab. Jamal Mydin </subfield>
  </datafield>
  <datafield tag="999" ind1=" " ind2=" ">
   <subfield code="a">1100047525</subfield>
   <subfield code="b">Book</subfield>
   <subfield code="c">Open Shelf</subfield>
   <subfield code="e">KOLEKSI TERBUKA</subfield>
  </datafield>
 </record>
</collection>
